Library of the University of Algiers 3
Ibrahim Sultan Cheibout
شعار جامعة الجزائر 3
مكتبة جامعة الجزائر 3
إبراهيم سلطان شيبوط

التمويل بدون نقود / (رقم التسجيلة. 42994)

تفاصيل مارك
000 -LEADER
fixed length control field 01023nam a2200217Ia 4500
003 - CONTROL NUMBER IDENTIFIER
control field Ost
005 - DATE AND TIME OF LATEST TRANSACTION
control field 20260507075115.0
008 - FIXED-LENGTH DATA ELEMENTS--GENERAL INFORMATION
fixed length control field 260507s9999||||xx |||||||||||||| ||und||
020 ## - INTERNATIONAL STANDARD BOOK NUMBER
International Standard Book Number 5355919977
040 ## - CATALOGING SOURCE
Transcribing agency fsecg
041 ## - LANGUAGE CODE
Language code of text/sound track or separate title ara
082 ## - DEWEY DECIMAL CLASSIFICATION NUMBER
Classification number 336.014
100 ## - MAIN ENTRY--PERSONAL NAME
Personal name الخضيري، محسن أحمد
Relator term مؤلف
245 #0 - TITLE STATEMENT
Title التمويل بدون نقود /
Statement of responsibility, etc. محسن أحمد الخضيري
260 ## - PUBLICATION, DISTRIBUTION, ETC.
Place of publication, distribution, etc. القاهرة:
Name of publisher, distributor, etc. مجموعة النيل العربية,
Date of publication, distribution, etc. 2001
300 ## - PHYSICAL DESCRIPTION
Extent 160 صفحة؛
Other physical details إيضاحات ؛
Dimensions 24 سم
520 ## - SUMMARY, ETC.
Summary, etc. إنشاء المشروعات البنية الاساسية بدون نقود- التأجير التمويلي للألات والمعدات- الصفقات المتكافئة كمصدر للتمويل بدون نقود- المحاذير والمخاطر لمشروعات البنية الأساسية الممولة ذاتيا ومن القطاع الخاص مقابل الإنتفاع
653 ## - INDEX TERM--UNCONTROLLED
Uncontrolled term التمويل
653 ## - INDEX TERM--UNCONTROLLED
Uncontrolled term النقود
942 ## - ADDED ENTRY ELEMENTS (KOHA)
Koha item type كتب

لا توجد مواد متاحة.

موارد الويب المفتوحة


© University of Algiers 3 All Rights Reserved
|
Implemented by LECHELAH Riad